000 00651nam a2200253Ia 4500
003 OSt
005 20220918210300.0
006 a|||||r|||| 00| 0
007 ta
008 220917b |||||||| |||| 00| 0 eng d
024 _a119,939
037 _cTextual
040 _aARTS
_cARTS
_beng
041 _2eng
_aeng
082 _aV687:2qN63, K3
110 _aKenya
245 0 _aKenya
_b Kenya Independence Order in Council 1963
260 _aLondon
_bMajesty's Stationary Office UK
_c1963
300 _a294p
_ccm.
650 _aHISTORY
700 _aKenya
942 _hV687:2qN63, K3
_cTEXL
_2CC
999 _c243197
_d243197